000
00290nam a2200121 a 4500
008
101209s1991|||| d
100
1
_a
Kandráčová, Monika
245
1
0
_a
Na Ľevockej hure še oziva
260
_b
A.R.I.
_a
Prešov
_c
1991
020
_c
10
041
_a
slo
044
_a
xo
_c
SK
999
_c
15043
_d
15043